000 00445nam a2200181Ia 4500
001 23582
005 20260414150947.0
008 260414t2013||||xx |||||||||||||| ||spa||
041 _aESP
082 _a670.42
_bB12
100 _aBaca Urbina, Gabriel
_eAUT
245 0 _aIntroducción a la ingeniería industrial
_b
260 _c2013
300 _ax, 371 páginas :
_c27 cm.
650 _aTCA
654 _aCII
942 _cLIB
_dJUS
_fJUS
_2ddc
_n
999 _c23582
_d23582